Doce profetas menores

Saved in:
Bibliografiske detaljer
Main Authors: Alonso Schökel, Luis (autor), Valverde, José María (Author)
Format: Bog
Sprog:spansk
Udgivet: Madrid Cristiandad 1966
Fag:
Tags: Tilføj Tag
Ingen Tags, Vær først til at tagge denne postø!

MARC

LEADER 00000nam a2200000 a 4500
001 UCR1093
003 CL-VaPUC
008 971212e19660000SP |||||||||||||||||spa|d
082 0 4 |a 224.9  |b SCH  |2 21 
100 |a Alonso Schökel, Luis  |e autor  |9 591055 
700 0 |a Valverde, José María  |e author  |9 397911 
245 1 0 |a Doce profetas menores 
300 |a 221 p 
942 |c BK 
945 |d 19971212 00:00:00  |a rleighto 
260 |a Madrid  |b Cristiandad  |c 1966 
600 0 7 |a OSEAS  |2 CL-VaPUC  |9 397912 
600 0 7 |a JOEL  |2 CL-VaPUC  |9 397913 
600 0 7 |a AMOS, EL PROFETA  |2 CL-VaPUC  |9 320681 
600 0 7 |a ABDIAS  |2 CL-VaPUC  |9 397914 
600 0 7 |a JONAS  |2 CL-VaPUC  |9 397915 
600 0 7 |a MIQUEAS  |2 CL-VaPUC  |9 397916 
600 0 7 |a NAHUM  |2 CL-VaPUC  |9 397917 
600 0 7 |a HABACUC  |2 CL-VaPUC  |9 397918 
600 0 7 |a SOFONIAS  |2 CL-VaPUC  |9 349704 
600 0 7 |a AGEO  |2 CL-VaPUC  |9 397919 
600 0 7 |a ZACARIAS  |2 CL-VaPUC  |9 397920 
600 0 7 |a MALAQUIAS  |2 CL-VaPUC  |9 397921 
650 7 |a PROFETAS MENORES  |2 CL-VaPUC  |9 397922 
583 |a last modification  |c 19971212 00:00:00  |k Rodrigo Vera 
999 |c 264585  |d 264583 
952 |0 0  |1 0  |4 0  |6 224_900000000000000_SCH_1966  |7 0  |8 A  |9 294888  |a BIBTEO  |b BIBTEO  |d 2019-11-19  |i 3369714  |o 224.9 SCH 1966  |p 3369714  |r 2025-01-17  |w 2019-11-19  |y BK  |k ICR 
952 |0 0  |1 0  |4 0  |6 224_900000000000000_SCH_1966  |7 0  |8 A  |9 294889  |a BIBTEO  |b BIBTEO  |d 2019-11-19  |i 3386767  |o 224.9 SCH 1966  |p 3386767  |r 2025-01-17  |w 2019-11-19  |y BK  |k ICR